LIBRARY ONLINE CATALOGUE

Enhancing agricultural innovation : (Record no. 9932)

MARC details
000 -LEADER
fixed length control field 00654nam a22002052 4500
001 - CONTROL NUMBER
control field 0000023691
005 - DATE AND TIME OF LATEST TRANSACTION
control field 20151217152246.0
008 - FIXED-LENGTH DATA ELEMENTS--GENERAL INFORMATION
fixed length control field 130318s xx 000 0 eng d
020 ## - INTERNATIONAL STANDARD BOOK NUMBER
International Standard Book Number 0821367412 :
040 ## - CATALOGING SOURCE
Original cataloging agency KABU
Transcribing agency KABU
245 10 - TITLE STATEMENT
Title Enhancing agricultural innovation :
Remainder of title how to go beyond th strengthening of research systems.
250 ## - EDITION STATEMENT
Edition statement 1st ed.
260 ## - PUBLICATION, DISTRIBUTION, ETC. (IMPRINT)
Place of publication, distribution, etc. Washington, DC :
Name of publisher, distributor, etc. The world bank,
Date of publication, distribution, etc. 2006.
300 ## - PHYSICAL DESCRIPTION
Extent xxvi, 157 p.
650 #0 - SUBJECT ADDED ENTRY--TOPICAL TERM
Topical term or geographic name as entry element Agricultural innovations
Form subdivision Case studies.
-- 0000166910
650 #0 - SUBJECT ADDED ENTRY--TOPICAL TERM
Topical term or geographic name as entry element World Bank.
-- 0000152532
852 1# - LOCATION
-- p2200 KES
908 ## - PUT COMMAND PARAMETER (RLIN)
Put command parameter 130318
950 ## - LOCAL HOLDINGS (RLIN)
-- 1
Holdings
Withdrawn status Lost status Source of classification or shelving scheme Not for loan Home library Current library Date acquired Total Checkouts Full call number Barcode Date last seen Price effective from Koha item type
    Library of Congress Classification   Kabarak, Main Campus Kabarak, Main Campus 17/12/2015   S494.5 .I5E54 2006 c.1 014639 17/12/2015 17/12/2015 General Collection